Catálogo
Digital

Catálogo
Digital

Análisis y diseño de edificaciones con etabs v.9. x (Record no. 2295)

MARC details
000 -LEADER
campo de control de longitud fija 01571nam a2200349Ia 4500
000 - LEADER
campo de control de longitud fija nam a22 i 4500
001 - NÚMERO DE CONTROL
campo de control UNACH-2677
007 - CAMPO FIJO DE DESCRIPCIÓN FÍSICA--INFORMACIÓN GENERAL
campo de control de longitud fija ta
008 - DATOS DE LONGITUD FIJA--INFORMACIÓN GENERAL
campo de control de longitud fija 221212s ||||fr|||| 00| | spa d
020 ## - NÚMERO INTERNACIONAL ESTÁNDAR DEL LIBRO
Número Internacional Estándar del Libro 978-6-12-304005-5
041 0# - CÓDIGO DE IDIOMA
Código de lengua del texto/banda sonora o título independiente spa
082 04 - NÚMERO DE LA CLASIFICACIÓN DECIMAL DEWEY
Número de clasificación 005.3
Número de ítem Programas - Software
100 1# - ENTRADA PRINCIPAL--NOMBRE DE PERSONA
Nombre de persona Quiroz Torres, Luis Gabriel,
Término indicativo de función/relación autor
245 10 - MENCIÓN DEL TÍTULO
Título Análisis y diseño de edificaciones con etabs v.9. x
250 ## - MENCION DE EDICION
Mención de edición Primera edición
264 31 - PRODUCCIÓN, PUBLICACIÓN, DISTRIBUCIÓN, FABRICACIÓN Y COPYRIGHT
Producción, publicación, distribución, fabricación y copyright [Lima] :
-- Perú :
Nombre del de productor, editor, distribuidor, fabricante Empresa Editora Macro E.I.R.L.,
Fecha de producción, publicación, distribución, fabricación o copyright 2011
300 ## - DESCRIPCIÓN FÍSICA
Extensión 389 páginas :
Otras características físicas figuras
336 ## - TIPO DE CONTENIDO
Término de tipo de contenido texto
Código de tipo de contenido txt
Fuente rdacontent
337 ## - TIPO DE MEDIO
Nombre/término del tipo de medio no mediado
Código del tipo de medio n
Fuente rdamedia
338 ## - TIPO DE SOPORTE
Nombre/término del tipo de soporte volumen
Código del tipo de soporte nc
Fuente rdacarrier
504 ## - NOTA DE BIBLIOGRAFÍA, ETC.
Nota de bibliografía, etc. Incluye referencias, índice.
505 0# - NOTA DE CONTENIDO CON FORMATO
Nota de contenido con formato El programa etabs.-- Lo nuevo de la versión etabs v.9.-- Entorno etabs v.9.-- Conceptos básicos de manejo del programa etabs.-- Análisis de edificaciones apartadas.-- Diseño de edificaciones de concreto armado y acero estructural.-- Elementos finitos aplicados en el análisis y diseño de edificaciones de concreto armado.-- Modelamiento y análisis de una estructura de albañilería.-- Introducción al SAFE y su interacción con el Etabs.-- Análisis por proceso constructivo.-- Análisis tiempo- historia de edificaciones de media altura.
650 14 - PUNTO DE ACCESO ADICIONAL DE MATERIA--TÉRMINO DE MATERIA
Término de materia o nombre geográfico como elemento de entrada PROGRAMACIÓN
650 24 - PUNTO DE ACCESO ADICIONAL DE MATERIA--TÉRMINO DE MATERIA
Término de materia o nombre geográfico como elemento de entrada CALCULO DE EDIFICACIONES
650 24 - PUNTO DE ACCESO ADICIONAL DE MATERIA--TÉRMINO DE MATERIA
Término de materia o nombre geográfico como elemento de entrada CONCRETO ARMADO
650 24 - PUNTO DE ACCESO ADICIONAL DE MATERIA--TÉRMINO DE MATERIA
Término de materia o nombre geográfico como elemento de entrada DISEÑO DE PLACAS
650 24 - PUNTO DE ACCESO ADICIONAL DE MATERIA--TÉRMINO DE MATERIA
Término de materia o nombre geográfico como elemento de entrada EJES COORDENADOS
650 24 - PUNTO DE ACCESO ADICIONAL DE MATERIA--TÉRMINO DE MATERIA
Término de materia o nombre geográfico como elemento de entrada PROGRAMACIÓN PARA EDIFICACIONES
653 0# - TÉRMINO DE INDIZACIÓN--NO CONTROLADO
Término no controlado Programas - Software
942 ## - ELEMENTOS DE ENTRADA SECUNDARIOS (KOHA)
Fuente del sistema de clasificación o colocación Clasificación Decimal Dewey
Tipo de ítem Koha Libros
Suprimir en OPAC No
Holdings
Estado de pérdida Fuente del sistema de clasificación o colocación Estado de daño No para préstamo Biblioteca de origen Biblioteca actual Sección Fecha de adquisición Total de préstamos Signatura topográfica completa Código de barras Visto por última vez Precio de reemplazo Tipo de ítem Koha Fuente de adquisición Copia número
  Clasificación Decimal Dewey     Biblioteca Campus Norte Biblioteca Campus Norte Ingeniería Civil 08/11/2014   005.3 QUI L001968 L001968 15/12/2022 15/12/2022 Libros    
  Clasificación Decimal Dewey     Biblioteca Campus Norte Biblioteca Campus Norte Ingeniería Civil 25/03/2022   005.3 QUI L014861 L014861 15/12/2022 15/12/2022 Libros    
  Clasificación Decimal Dewey     Biblioteca Campus Norte Biblioteca Campus Norte Facultad de Ingeniería - Generalidades 21/11/2025   005.3 QUI L018353 L018353 21/11/2025 21/11/2025 Libros Disposición Transitoria SEGUNDA. Resolución No. 0311-CU-UNACH-SE-ORD-16-09-2024 Ej:03
  Clasificación Decimal Dewey     Biblioteca Campus Norte Biblioteca Campus Norte Facultad de Ingeniería - Generalidades 21/11/2025   005.3 QUI L018354 L018354 21/11/2025 21/11/2025 Libros Disposición Transitoria SEGUNDA. Resolución No. 0311-CU-UNACH-SE-ORD-16-09-2024 Ej:04

Powered by Koha